000 00376pab a2200133 454500
008 180718b xxu||||| |||| 00| 0 eng d
100 _aShanmugam T.R.
245 _aProduction and marketing of milk in organised sector
362 _a35(1), Apr-Jun 1994, p.164-67
650 _a Dairying -- India
650 _aMilk Production -- India
773 _aProductivity
909 _a27446
999 _c27446
_d27446